00347nam a22000977a 4500008004100000100004300041245008200084260002300166300003700189773002300226250311b ||||| |||| 00| 0 eng d a Dhankhar, Sunaina and Yadav, Nisha  aPublic distribution system for Sahariyas of Baran, Rajasthan: A status check  aSocial Scientist  a51(3-4), Mar-Apr, 2023: p.53-60  aSocial Scientist